000
00342pab a2200145 454500
008
180718b1986 xxu||||| |||| 00| 0 eng d
100
_a
Hegde, Rama Krishna
245
_a
Decentralising power
260
_c
1986
300
_a
32-8
362
_a
Apr.
650
_a
Administrative Decentralisation - India
773
_a
Seminar
909
_a
3171
999
_c
3171
_d
3171